Logo BPK

Biblioteka

Politechniki Koszalińskiej

The Tapestry of Culture : (Rekord nr 47684)

Szczegóły MARC
000 -ETYKIETA REKORDU
podpole kontrolne o stałej długości 00659nam a2200229 i 4500
001 - NUMER KONTROLNY REKORDU
pole kontrolne bgj
020 ## - MIĘDZYNARODOWY ZNORMALIZOWANY NUMER KSIĄŻKI - ISBN
ISBN 0075578700
040 ## - ŹRÓDŁO KATALOGOWANIA
Instytucja, która utworzyła rekord BPK
041 ## - KOD JĘZYKA
Kod języka tekstu eng
920 ## - Międzynarodowy znormalizowany numer książki – ISBN
ISBN 0-07-557870-0
008 - POLE O STAŁEJ DŁUGOŚCI - DANE KONTROLNE
podpole kontrolne o stałej długości s uk f |000 0 eng
100 1# - NAZWA OSOBOWA
Nazwa osobowa ROSMAN, Abraham
245 10 - TYTUŁ/ODPOWIEDZIALNOŚĆ
Tytuł The Tapestry of Culture :
Ciąg dalszy tytułu an introduction to cultural anthropology /
Pozostałe elementy strefy tytułu i oznaczenia odpowiedzialności Abraham Rosman ; Paula G. Rubel.
250 ## - STREFA WYDANIA
Oznaczenie wydania 3rd edITION.
260 ## - STREFA ADRESU WYDAWNICZEGO
Miejsce wydania New York :
Nazwa wydawcy/dystrybutora Random House,
Data publikacji, dystrybucji/powstania dokumentu c. 1989.
300 ## - STREFA OPISU FIZYCZNEGO
Objętość XIV, 336 pp :
Inne cechy fizyczne ill. ;
Rozmiary 24 cm.
504 ## - UWAGA DOTYCZĄCA BIBLIOGRAFII
Informacje o bibliografii Bibliography p. 303-318.
505 ## - SFORMALIZOWANA UWAGA DOTYCZĄCA ZAWARTOŚCI
Pełny tekst uwagi Includes index.
650 #9 - HASŁO PRZEDMIOTOWE W FORMIE NAZWY OGÓLNEJ LUB JEDNOSTKOWEJ
Nazwa ogólna lub geograficzna Ethnology
700 1# - HASŁO DODATKOWE - NAZWA OSOBOWA
Nazwa osobowa RUBEL, Paula.
Określenie związku między hasłem a opisywanym materiałem co-author
856 ## - LOKALIZACJA I DOSTĘP DO ELEKTRONICZNYCH DOKUMENTÓW ZDALNYCH
Link (URL) http://koha.tu.koszalin.pl/cgi-bin/koha/opac-detail.pl?biblionumber=47684
Tekst linku Katalog online BPK
942 ## - DODATKOWE ELEMENTY (KOHA)
Typ dokumentu Książka
Egzemplarze
Wycofany Status egzemplarza Uszkodzony Dostępność Lokalizacja stała Lokalizacja bieżąca Miejsce przechowywania Sygnatura Kod kreskowy Typ dokumentu
      Dostępny Biblioteka Politechniki Koszalińskiej Biblioteka Politechniki Koszalińskiej Wypożyczalnia Językowa KA 4217 09013223 Książka
      Dostępny Biblioteka Politechniki Koszalińskiej Biblioteka Politechniki Koszalińskiej Wypożyczalnia Językowa KA 4218 09013247 Książka
      Dostępny Biblioteka Politechniki Koszalińskiej Biblioteka Politechniki Koszalińskiej Wypożyczalnia Językowa KA 4219 09013230 Książka
      Dostępny Biblioteka Politechniki Koszalińskiej Biblioteka Politechniki Koszalińskiej Wypożyczalnia Językowa KA 4220 09013216 Książka
© 2023 Biblioteka Politechniki Koszalińskiej :: KOHA